000 00614nam a2200241 a 4500
001 nice12345678
003 IN_TiNIC
005 20260116012250.0
008 050524s1993 lona grp 000 0 eng
020 _a0563416
_c100
082 0 0 _a297
_bAHM
100 _aAhmad, Akbar S
245 _aFrom Samarkand to Stornoway Living Islam
260 _aLondon
_bBBC Book Limited
_c1993
300 _a224p
500 _aincludes index and biblioraphy
505 2 _aAppendix, Biblio, Index
650 _aIslam-20th Century
700 1 _aAhmad, Akbar S
902 _bSRS
942 _cBK
999 _c6306
_d6306